书目信息 |
| 题名: |
复合辞
|
|
| 作者: | 胡振平 编著 | |
| 分册: | ||
| 出版信息: | 北京 外语教学与研究出版社 1998 |
|
| 页数: | 304页 | |
| 开本: | 20cm | |
| 丛书名: | 学日语必读丛书 | |
| 单 册: | ||
| 中图分类: | H364.1 | |
| 科图分类: | ||
| 主题词: | 日语--构词法 | |
| 电子资源: | ||
| ISBN: | 7-5600-1283-3 | |
| 000 | 00688nam0 2200217 450 | |
| 001 | 0653208843 | |
| 005 | 20070702155624.06 | |
| 010 | @a7-5600-1283-3@dCNY11.90 | |
| 100 | @a20060313d1998 km y0chiy0120 ea | |
| 101 | 0 | @achi |
| 102 | @aCN@b110000 | |
| 200 | 1 | @a复合辞@Afu he ci@f胡振平编著@Fhu zhen ping bian zhu |
| 210 | @a北京@c外语教学与研究出版社@d1998 | |
| 215 | @a304页@d20cm | |
| 225 | @a学日语必读丛书@f陶敬孝,徐一平主编 | |
| 410 | 0 | @12001 @a学日语必读丛书@1701 0@a陶敬孝@Atao jing xiao@4主编@1701 0@a徐一平@Axu yi ping@4主编 |
| 606 | 0 | @a日语@x构词法 |
| 690 | @aH364.1@v4 | |
| 701 | 0 | @a胡振平@Ahu zhen ping@4编著 |
| 801 | 0 | @aCN@bPFT@c20070702 |
| 905 | @a10447@dH364.1@e284 | |
| 复合辞/胡振平编著.-北京:外语教学与研究出版社,1998 |
| 304页;20cm.-(学日语必读丛书/陶敬孝,徐一平主编) |
| ISBN 7-5600-1283-3:CNY11.90 |
| ● |
| 相关链接 |
|
|
|
|
正题名:复合辞
索取号:H364.1/284
 
预约/预借
| 序号 | 登录号 | 条形码 | 馆藏地/架位号 | 状态 | 备注 |
| 1 | 0339451 | 203394512 | 第二样本阅览室/ [索取号:H364.1/284] | 在馆 | |
| 2 | 0764727 | 207647279 | 密集书库/ [索取号:H364.1/284] | 在馆 |